000 00939nam a22002417a 4500
999 _c181387
_d181387
005 20210909164556.0
010 _aENG-129904-05
020 _a9789386515629
_c4529.00( vol.2)
035 _a EN-113437 -38
037 _bDBAD/PUB
082 _a347.54052
100 _aMitra,Upendra Nath
245 _aLaw of Limitation and Prescription:
_cby Upendra Nath Mitra...[et.al.]
_bThe most exhaustive and authoritative commentary on the limitation act,1963/
250 _a15th ed.
260 _bLexis Nexis
_aIndia
_c2018
270 _bGurgaon
_e122002
_a14th Floor , Building No 10, Tower-B, DLF Cyber City, phase -ll
_k+91 124 4774444
_l+91 124 4774100
_mhelp.in@lexisnexis.com
300 _av.p.
_c25cm(hbk)
_bvol.1-2
500 _avol.1(section -32 &Articles 1-55) vol.2(Articles 56-end)
700 _aJhingta,HR
700 _aShakil Ahmad khan
700 _aSuhaas R Joshi
942 _2ddc
_cEN
_h347
_mMIT
_e15th.ed